00906nam a2200217 a 4500001001000000003001100010005001700021008004100038040001900079041000800098044000700106084001900113100002900132245028900161260006100450300003000511500005500541546002300596650003500619700003400654BRCA_8487FranzMayer20230724102235.0070416s1785----sp-#######---#000-0#lat-# aMFMb espcMFM alat asp aBE2b.V55 17851 aVillanuño, Matías de10aSumma Conciliorum Hispaniaebquotquot inveniri potuerunt ad usque saeculum proxime praeteritum, epistolarum ad hispanos cum earum delectucopera et studio P. M. F. Mathiae de Villanuño, sacrae theologiae emeriti professoris, Congregationis S. Benedicti Vallisoletanae Gen. Magistri. aMatritibApud Joachimum Ibarra, S.C.R.M. Typographc1785 a474 p. (t.4)c21 x 15 cm. aEstado físico : presenta algunas hojas manchadas aTexto en : latín14aConcilis i sínodeszEspaña1 aIbarra, Joaquín,d1725-1785